[Event "Werder IM-Turnier 2018"]
[Site "Bremen"]
[Date "2018.06.22"]
[Round "7"]
[White "Skliarov, Viktor"]
[Black "Kardoeus, David"]
[Result "1-0"]
[WhiteElo "2359"]
[BlackElo "2226"]
[Annotator "ChessBase"]
[PlyCount "95"]
[EventDate "2018.06.16"]
[EventType "tourn"]
[EventCountry "GER"]
[SourceTitle "playchess.com"]
[Source "ChessBase"]
[SourceQuality "1"]
[TimeControl "40/5400+30:1800+30"]

1. e4 {[%emt 0:00:00]} c5 {[%emt 0:00:21]} 2. Nf3 {[%emt 0:00:00]} d6 {[%emt 0:00:35]} 3. c3 {[%emt 0:06:04]} Nf6 {[%emt 0:01:15]} 4. Bd3 {[%emt 0:01:09]} Nc6 {[%emt 0:01:22]} 5. Bc2 {[%emt 0:00:10]} Bg4 {[%emt 0:01:39]} 6. h3 {[%emt 0:00:07]} Bh5 {[%emt 0:00:29]} 7. d3 {[%emt 0:05:41]} e6 {[%emt 0:04:21]} 8. Nbd2 {[%emt 0:02:59]} d5 {[%emt 0:01:50]} 9. Qe2 {[%emt 0:10:03]} Qc7 {[%emt 0:03:03]} 10. g4 {[%emt 0:10:03]} Bg6 {[%emt 0:04:30]} 11. Nh4 {[%emt 0:17:30]} Bd6 {[%emt 0:04:01]} 12. Ndf3 {[%emt 0:03:45]} O-O-O {[%emt 0:04:02]} 13. Bg5 {[%emt 0:02:33]} dxe4 {[%emt 0:04:06]} 14. dxe4 {[%emt 0:00:55]} Bf4 {[%emt 0:01:59]} 15. Bxf4 {[%emt 0:02:17]} Qxf4 {[%emt 0:00:11]} 16. Ng2 {[%emt 0:00:05]} Qc7 {[%emt 0:02:47]} 17. O-O {[%emt 0:01:42]} Nd7 {[%emt 0:16:13]} 18. Rad1 {[%emt 0:03:07]} f6 {[%emt 0:06:26]} 19. Nfh4 {[%emt 0:06:28]} Bf7 {[%emt 0:02:08]} 20. f4 {[%emt 0:00:18]} h6 {[%emt 0:08:26]} 21. Ne3 {[%emt 0:11:12]} g5 {[%emt 0:03:04]} 22. Nhg2 {[%emt 0:03:19]} h5 {[%emt 0:09:59]} 23. Nc4 {[%emt 0:00:59]} Nb6 {[%emt 0:00:10]} 24. Rxd8+ {[%emt 0:01:40]} Rxd8 {[%emt 0:00:08]} 25. Nce3 {[%emt 0:04:01]} hxg4 {[%emt 0:07:33]} 26. Qxg4 {[%emt 0:01:03]} Rg8 {[%emt 0:01:15]} 27. fxg5 {[%emt 0:02:31]} Ne5 {[%emt 0:02:41]} 28. Qg3 {[%emt 0:00:13]} Rxg5 {[%emt 0:00:23]} 29. Qf4 {[%emt 0:00:13]} Nbd7 {[%emt 0:00:54]} 30. Ba4 {[%emt 0:00:50]} Nb6 {[%emt 0:01:41]} 31. Bd1 {[%emt 0:00:37]} Qd6 {[%emt 0:01:14]} 32. Bg4 {[%emt 0:00:46]} Nbd7 {[%emt 0:00:39]} 33. Rd1 {[%emt 0:01:06]} Qb6 {[%emt 0:00:07]} 34. Rd2 {[%emt 0:00:15]} c4 {[%emt 0:00:35]} 35. Kh1 {[%emt 0:00:47]} Qc5 {[%emt 0:01:50]} 36. b4 {[%emt 0:00:53]} Qf8 {[%emt 0:00:15]} 37. Be2 {[%emt 0:01:56]} Qh6 {[%emt 0:01:07]} 38. h4 {[%emt 0:00:36]} Qh8 {[%emt 0:02:02]} 39. Nxc4 {[%emt 0:00:29]} Nxc4 {[%emt 0:01:03]} 40. Bxc4 {[%emt 0:00:14]} Ne5 {[%emt 0:33:07]} 41. Be2 {[%emt 0:01:55]} Be8 {[%emt 0:00:00]} 42. Qe3 {[%emt 0:06:20]} Kb8 {[%emt 0:00:00]} 43. Rd8+ {[%emt 0:01:32]} Kc7 {[%emt 0:00:00]} 44. Rxe8 {[%emt 0:00:08]} Qxe8 {[%emt 0:00:00]} 45. hxg5 {[%emt 0:00:06]} Qh8+ {[%emt 0:00:00]} 46. Kg1 {[%emt 0:00:06]} fxg5 {[%emt 0:00:00]} 47. Qxg5 {[%emt 0:00:19]} Nc6 {[%emt 0:00:00]} 48. b5 {[%emt 0:00:27]} 1-0

[Event "Werder IM-Turnier 2018"]
[Site "Bremen"]
[Date "2018.06.22"]
[Round "7"]
[White "Charmeteau, Sven"]
[Black "Osmanodja, Filiz"]
[Result "0-1"]
[WhiteElo "2287"]
[BlackElo "2352"]
[Annotator "NA"]
[PlyCount "90"]
[EventDate "2018.06.16"]
[EventType "tourn"]
[EventCountry "GER"]
[SourceTitle "playchess.com"]
[Source "ChessBase"]
[SourceQuality "1"]
[TimeControl "40/5400+30:1800+30"]

1. e4 {[%emt 0:00:00]} e5 {[%emt 0:00:01]} 2. Nf3 {[%emt 0:00:00]} Nc6 {[%emt 0:00:02]} 3. d4 {[%emt 0:00:00]} exd4 {[%emt 0:00:02]} 4. Nxd4 {[%emt 0:00:04]} Nf6 {[%emt 0:00:04]} 5. Nxc6 {[%emt 0:00:10]} bxc6 {[%emt 0:00:01]} 6. e5 {[%emt 0:00:09]} Qe7 {[%emt 0:00:05]} 7. Qe2 {[%emt 0:00:05]} Nd5 {[%emt 0:00:03]} 8. c4 {[%emt 0:00:06]} Nb6 {[%emt 0:00:03]} 9. Nc3 {[%emt 0:00:12]} Qe6 {[%emt 0:02:23]} 10. Qe4 {[%emt 0:00:12]} g6 {[%emt 0:00:06] C45: Scotch Game} 11. Bd3 {[%emt 0:18:03]} (11. Bd2 Ba6 12. c5 Nc4 13. Bg5 Bxc5 14. O-O-O O-O 15. Qf4 d5 16. exd6 Bxd6 17. Rxd6 cxd6 18. Bf6 d5 19. b3 Rab8 20. Be2 c5 21. Rd1 Rfe8 22. Nxd5 {1-0 (22) Van Foreest,J (2629)-Tari,A (2599) Wijk aan Zee 2018}) 11... Bg7 {[%emt 0:00:14]} 12. O-O {[%emt 0:00:32]} O-O {[%emt 0:00:34]} 13. f4 {[%emt 0:01:12]} Ba6 {[%emt 0:02:04]} 14. b3 {[%emt 0:00:57]} d5 {[%emt 0:00:11]} 15. cxd5 {[%emt 0:01:57]} cxd5 {[%emt 0:00:02]} 16. Qe2 {[%emt 0:00:30]} Bxd3 {[%emt 0:00:07]} 17. Qxd3 {[%emt 0:00:04]} c5 {[%emt 0:00:55]} 18. Ba3 {[%emt 0:01:40]} Rac8 $146 {[%emt 0:06:13]} 19. Rad1 {[%emt 0:04:23]} f6 {[%emt 0:02:51]} 20. exf6 {[%emt 0:17:30]} Bxf6 {[%emt 0:02:32]} 21. Rfe1 {[%emt 0:00:31]} Qf7 {[%emt 0:14:06]} 22. g3 {[%emt 0:11:25]} Rfd8 {[%emt 0:14:04]} 23. Qf3 {[%emt 0:01:34]} a6 {[%emt 0:11:14]} 24. Rd2 {[%emt 0:01:35]} c4 {[%emt 0:02:12]} 25. Ne2 {[%emt 0:01:21]} d4 {[%emt 0:08:06]} 26. Red1 {[%emt 0:06:57]} d3 {[%emt 0:07:52]} 27. Nc1 {[%emt 0:00:23]} Bc3 {[%emt 0:07:14]} 28. Rg2 {[%emt 0:00:36]} Re8 {[%emt 0:01:22]} 29. h4 {[%emt 0:08:56]} Bd4+ {[%emt 0:10:52]} 30. Kh2 {[%emt 0:00:27]} Re3 {[%emt 0:01:24]} 31. Qf1 {[%emt 0:02:51]} Qf5 {[%emt 0:03:21]} 32. Bb4 {[%emt 0:03:58]} Nd5 {[%emt 0:01:20]} 33. Bd2 {[%emt 0:01:17]} Nf6 {[%emt 0:02:48]} 34. bxc4 {[%emt 0:02:47]} Ng4+ {[%emt 0:00:01]} 35. Kh1 {[%emt 0:00:14]} Qe4 {[%emt 0:01:37]} 36. Bxe3 {[%emt 0:00:39]} Nxe3 {[%emt 0:00:04]} 37. Qg1 {[%emt 0:04:40]} Rxc4 {[%emt 0:00:01]} 38. Nxd3 {[%emt 0:00:22]} Rc2 {[%emt 0:01:16]} 39. Nf2 {[%emt 0:09:22]} Rxf2 {[%emt 0:00:03]} 40. Rxd4 {[%emt 0:01:27]} Qxg2+ {[%emt 0:30:36]} 41. Qxg2 {[%emt 0:30:05]} Rxg2 {[%emt 0:00:00]} 42. Ra4 {[%emt 0:00:00]} Rxg3 {[%emt 0:00:00]} 43. Rxa6 {[%emt 0:00:00]} Rh3+ {[%emt 0:00:00]} 44. Kg1 {[%emt 0:00:00]} Rxh4 {[%emt 0:00:00]} 45. Kf2 $19 {[%emt 0:00:00]} Nd5 {[%emt 0:00:00]} 0-1

[Event "Werder IM-Turnier 2018"]
[Site "Bremen"]
[Date "2018.06.23"]
[Round "8"]
[White "Reuker, Jari"]
[Black "Grabarczyk, Miroslaw"]
[Result "0-1"]
[WhiteElo "2389"]
[BlackElo "2402"]
[Annotator "NA"]
[PlyCount "74"]
[EventDate "2018.06.23"]
[EventType "tourn"]
[EventCountry "GER"]
[SourceTitle "playchess.com"]
[Source "ChessBase"]
[SourceQuality "1"]
[TimeControl "40/5400+30:1800+30"]

1. d4 {[%emt 0:05:34]} d5 {[%emt 0:01:32]} 2. c4 {[%emt 0:00:07]} e6 {[%emt 0:00:17]} 3. Nc3 {[%emt 0:00:05]} Nf6 {[%emt 0:00:22]} 4. cxd5 {[%emt 0:00:10]} exd5 {[%emt 0:00:20]} 5. Bg5 {[%emt 0:00:07]} c6 {[%emt 0:00:35]} 6. e3 {[%emt 0:00:07]} Be7 {[%emt 0:03:50]} 7. Bd3 {[%emt 0:00:20]} Nbd7 {[%emt 0:00:42]} 8. Qc2 {[%emt 0:00:16]} Nh5 {[%emt 0:01:27]} 9. Bxe7 {[%emt 0:00:10]} Qxe7 {[%emt 0:00:07]} 10. Nge2 {[%emt 0:00:10]} Nb6 {[%emt 0:05:04]} 11. O-O {[%emt 0:00:35]} g6 {[%emt 0:00:15]} 12. Rae1 {[%emt 0:02:35]} O-O {[%emt 0:00:26]} 13. Nc1 {[%emt 0:01:20]} Be6 {[%emt 0:06:12]} 14. Nb3 {[%emt 0:01:43]} Rad8 {[%emt 0:06:12]} 15. Nc5 {[%emt 0:04:11]} Bc8 {[%emt 0:02:27]} 16. b4 {[%emt 0:07:42]} Ng7 {[%emt 0:03:34]} 17. f3 {[%emt 0:09:12]} Qd6 {[%emt 0:06:43]} 18. b5 {[%emt 0:13:00]} Ne6 {[%emt 0:03:33]} 19. Ne2 {[%emt 0:06:46]} Qe7 {[%emt 0:00:56]} 20. bxc6 {[%emt 0:04:39]} bxc6 {[%emt 0:00:39]} 21. Nb3 {[%emt 0:04:08]} Bd7 {[%emt 0:04:25]} 22. e4 {[%emt 0:03:59]} Rc8 {[%emt 0:03:19]} 23. Nc5 {[%emt 0:03:47]} dxe4 {[%emt 0:10:24]} 24. fxe4 {[%emt 0:02:09]} Nxc5 {[%emt 0:00:07]} 25. dxc5 {[%emt 0:00:55]} Na8 {[%emt 0:00:53]} 26. Kh1 {[%emt 0:06:27]} Nc7 {[%emt 0:04:14]} 27. Bc4 {[%emt 0:08:00]} Be6 {[%emt 0:06:41]} 28. Bb3 {[%emt 0:00:59]} Rcd8 {[%emt 0:02:49]} 29. Ba4 {[%emt 0:05:53]} Na6 {[%emt 0:03:12]} 30. Bxc6 {[%emt 0:05:14]} Nb4 {[%emt 0:01:32]} 31. Qa4 {[%emt 0:00:20]} Nd3 {[%emt 0:00:06]} 32. Rb1 {[%emt 0:02:25]} Qxc5 {[%emt 0:00:21]} 33. h3 {[%emt 0:01:49]} Qe3 {[%emt 0:06:44]} 34. Qc2 {[%emt 0:00:58]} Nf2+ {[%emt 0:00:48]} 35. Kh2 {[%emt 0:00:47]} Rd2 {[%emt 0:00:11]} 36. Qc3 {[%emt 0:00:41]} Qxe2 {[%emt 0:00:26]} 37. Qg3 {[%emt 0:00:04]} Nxe4 {[%emt 0:01:31]} 0-1

[Event "Werder IM-Turnier 2018"]
[Site "Bremen"]
[Date "2018.06.23"]
[Round "8"]
[White "Grigorian, Spartak"]
[Black "Osmanodja, Filiz"]
[Result "1-0"]
[WhiteElo "2359"]
[BlackElo "2352"]
[Annotator "NA"]
[PlyCount "111"]
[EventDate "2018.06.23"]
[EventType "tourn"]
[EventCountry "GER"]
[SourceTitle "playchess.com"]
[Source "ChessBase"]
[SourceQuality "1"]
[TimeControl "40/5400+30:1800+30"]

1. Nf3 {[%emt 0:00:33]} c5 {[%emt 0:00:47]} 2. c4 {[%emt 0:00:08]} Nc6 {[%emt 0:00:11]} 3. b3 {[%emt 0:00:06]} e5 {[%emt 0:03:01]} 4. Bb2 {[%emt 0:01:57]} d6 {[%emt 0:03:58]} 5. Nc3 {[%emt 0:05:21]} f5 {[%emt 0:03:34]} 6. e3 {[%emt 0:02:17]} e4 {[%emt 0:08:52]} 7. Ng1 {[%emt 0:00:06]} Nf6 {[%emt 0:01:01]} 8. d3 {[%emt 0:19:35]} Be7 {[%emt 0:03:33]} 9. Nh3 {[%emt 0:01:57]} O-O {[%emt 0:03:21]} 10. Nf4 {[%emt 0:05:50]} a6 {[%emt 0:12:48]} 11. Be2 {[%emt 0:01:16]} Ne5 {[%emt 0:07:59]} 12. O-O {[%emt 0:06:57]} exd3 {[%emt 0:04:09]} 13. Bxd3 {[%emt 0:01:46]} Qe8 {[%emt 0:06:14]} 14. Qc2 {[%emt 0:15:27]} Nfg4 {[%emt 0:04:24]} 15. Be2 {[%emt 0:01:28]} Bd8 {[%emt 0:04:12]} 16. h3 {[%emt 0:08:19]} Nf6 {[%emt 0:01:00]} 17. Nfd5 {[%emt 0:01:33]} Nh5 {[%emt 0:03:42]} 18. Rae1 {[%emt 0:02:08]} Be6 {[%emt 0:04:16]} 19. Bxh5 {[%emt 0:06:21]} Qxh5 {[%emt 0:00:03]} 20. Nf4 {[%emt 0:00:06]} Qh6 {[%emt 0:01:23]} 21. Nxe6 {[%emt 0:00:05]} Qxe6 {[%emt 0:00:04]} 22. Nd5 {[%emt 0:00:33]} b5 {[%emt 0:01:46]} 23. f4 {[%emt 0:06:38]} Nc6 {[%emt 0:03:02]} 24. e4 {[%emt 0:01:23]} Ra7 {[%emt 0:07:36]} 25. exf5 {[%emt 0:03:20]} Qxf5 {[%emt 0:00:02]} 26. Qxf5 {[%emt 0:02:23]} Rxf5 {[%emt 0:00:01]} 27. Re6 {[%emt 0:01:07]} Rd7 {[%emt 0:00:52]} 28. g4 {[%emt 0:00:19]} Rf8 {[%emt 0:02:31]} 29. Kg2 {[%emt 0:03:20]} Ne7 {[%emt 0:03:20]} 30. f5 {[%emt 0:01:39]} bxc4 {[%emt 0:01:56]} 31. bxc4 {[%emt 0:00:01]} Nxd5 {[%emt 0:02:17]} 32. cxd5 {[%emt 0:00:01]} Ba5 {[%emt 0:00:04]} 33. Bc1 {[%emt 0:01:44]} c4 {[%emt 0:01:42]} 34. Kf3 {[%emt 0:00:40]} Rb8 {[%emt 0:02:42]} 35. Bf4 {[%emt 0:00:02]} Bb4 {[%emt 0:00:52]} 36. Rb1 {[%emt 0:00:42]} Rb5 {[%emt 0:00:02]} 37. a4 {[%emt 0:00:34]} Rb8 {[%emt 0:00:50]} 38. Bxd6 {[%emt 0:00:45]} Rxd6 {[%emt 0:01:23]} 39. Rxb4 {[%emt 0:00:09]} Rxb4 {[%emt 0:00:00]} 40. Rxd6 {[%emt 0:00:03]} Rxa4 {[%emt 0:30:12]} 41. Rc6 {[%emt 0:03:44]} c3 {[%emt 0:00:00]} 42. Rxc3 {[%emt 0:03:22]} Rd4 {[%emt 0:00:00]} 43. Rc5 {[%emt 0:06:08]} Kf7 {[%emt 0:00:00]} 44. Ke3 {[%emt 0:00:58]} Rd1 {[%emt 0:00:00]} 45. Kf4 {[%emt 0:00:55]} Ke7 {[%emt 0:00:00]} 46. Rc7+ {[%emt 0:00:38]} Kf8 {[%emt 0:00:00]} 47. Ke5 {[%emt 0:01:12]} a5 {[%emt 0:00:00]} 48. Ra7 {[%emt 0:05:44]} Ra1 {[%emt 0:00:00]} 49. Ke6 {[%emt 0:00:29]} Re1+ {[%emt 0:00:00]} 50. Kd6 {[%emt 0:00:03]} Ra1 {[%emt 0:00:00]} 51. g5 {[%emt 0:03:56]} Rf1 {[%emt 0:02:21]} 52. h4 {[%emt 0:00:09]} Rxf5 {[%emt 0:01:07]} 53. Ke6 {[%emt 0:00:15]} g6 {[%emt 0:00:09]} 54. d6 {[%emt 0:01:02]} Rb5 {[%emt 0:02:20]} 55. Ra8+ {[%emt 0:00:08]} Kg7 {[%emt 0:00:12]} 56. d7 {[%emt 0:00:11]} 1-0

[Event "Werder IM-Turnier 2018"]
[Site "Bremen"]
[Date "2018.06.23"]
[Round "8"]
[White "Molchanov, Oleksii"]
[Black "Charmeteau, Sven"]
[Result "1-0"]
[WhiteElo "2350"]
[BlackElo "2287"]
[Annotator "NA"]
[PlyCount "45"]
[EventDate "2018.06.23"]
[EventType "tourn"]
[EventCountry "GER"]
[SourceTitle "playchess.com"]
[Source "ChessBase"]
[SourceQuality "1"]
[TimeControl "40/5400+30:1800+30"]

1. c4 {[%emt 0:00:00]} e5 {[%emt 0:00:08]} 2. Nc3 {[%emt 0:00:00]} Nf6 {[%emt 0:00:09]} 3. Nf3 {[%emt 0:00:24]} Nc6 {[%emt 0:00:22]} 4. e3 {[%emt 0:00:14]} Be7 {[%emt 0:02:31]} 5. Qb3 {[%emt 0:01:34]} O-O {[%emt 0:01:09]} 6. Be2 {[%emt 0:00:47]} a6 {[%emt 0:12:46]} 7. O-O {[%emt 0:01:21]} d6 {[%emt 0:01:21]} 8. d3 {[%emt 0:08:07]} Rb8 {[%emt 0:05:35]} 9. a3 {[%emt 0:01:17]} b5 {[%emt 0:01:29]} 10. Qc2 {[%emt 0:01:16]} bxc4 {[%emt 0:05:59]} 11. dxc4 {[%emt 0:00:08]} a5 {[%emt 0:00:58]} 12. Nd5 {[%emt 0:06:50]} Ba6 {[%emt 0:03:35]} 13. Rd1 {[%emt 0:02:53]} Re8 {[%emt 0:02:35]} 14. e4 {[%emt 0:07:16]} Qc8 {[%emt 0:05:30]} 15. Rb1 {[%emt 0:08:18]} Qb7 {[%emt 0:05:05]} 16. b4 {[%emt 0:06:32]} Nxd5 {[%emt 0:23:20]} 17. exd5 {[%emt 0:01:37]} Nd4 {[%emt 0:00:13]} 18. Nxd4 {[%emt 0:01:30]} exd4 {[%emt 0:00:02]} 19. b5 {[%emt 0:01:31]} Qb6 {[%emt 0:00:11]} 20. Bb2 {[%emt 0:00:32]} Bf6 {[%emt 0:05:49]} 21. bxa6 {[%emt 0:04:13]} d3 {[%emt 0:00:06]} 22. Qxd3 {[%emt 0:03:44]} Bxb2 {[%emt 0:00:22]} 23. Rd2 {[%emt 0:01:34]} 1-0

[Event "Werder IM-Turnier 2018"]
[Site "Bremen"]
[Date "2018.06.23"]
[Round "8"]
[White "Wachinger, Nikolas"]
[Black "Skliarov, Viktor"]
[Result "1-0"]
[WhiteElo "2292"]
[BlackElo "2359"]
[Annotator "NA"]
[PlyCount "145"]
[EventDate "2018.06.23"]
[EventType "tourn"]
[EventCountry "GER"]
[SourceTitle "playchess.com"]
[Source "ChessBase"]
[SourceQuality "1"]
[TimeControl "40/5400+30:1800+30"]

1. e4 {[%emt 0:00:00]} c5 {[%emt 0:00:09]} 2. Nc3 {[%emt 0:00:00]} Nc6 {[%emt 0:00:20]} 3. Bb5 {[%emt 0:00:00]} g6 {[%emt 0:00:15]} 4. Bxc6 {[%emt 0:00:20]} bxc6 {[%emt 0:00:31]} 5. f4 {[%emt 0:07:20]} Bg7 {[%emt 0:15:36]} 6. Nf3 {[%emt 0:00:28]} Nh6 {[%emt 0:01:44]} 7. O-O {[%emt 0:04:05]} O-O {[%emt 0:00:57]} 8. d3 {[%emt 0:03:13]} d6 {[%emt 0:02:33]} 9. h3 {[%emt 0:04:54]} f5 {[%emt 0:08:17]} 10. e5 {[%emt 0:08:32]} Nf7 {[%emt 0:00:11]} 11. exd6 {[%emt 0:08:15]} exd6 {[%emt 0:00:32]} 12. Be3 {[%emt 0:00:14]} Rb8 {[%emt 0:02:57]} 13. Rb1 {[%emt 0:00:35]} Re8 {[%emt 0:10:08]} 14. Qd2 {[%emt 0:02:12]} Qa5 {[%emt 0:09:31]} 15. d4 {[%emt 0:02:32]} c4 {[%emt 0:07:56]} 16. Rfe1 {[%emt 0:04:26]} Be6 {[%emt 0:12:14]} 17. b3 {[%emt 0:06:23]} Bd5 {[%emt 0:03:45]} 18. Nxd5 {[%emt 0:01:30]} Qxd5 {[%emt 0:01:28]} 19. Qc3 {[%emt 0:03:40]} cxb3 {[%emt 0:01:40]} 20. axb3 {[%emt 0:00:10]} Re4 {[%emt 0:04:20]} 21. Qd3 {[%emt 0:02:25]} Rbe8 {[%emt 0:01:03]} 22. c4 {[%emt 0:06:04]} Qe6 {[%emt 0:00:15]} 23. d5 {[%emt 0:03:03]} cxd5 {[%emt 0:01:53]} 24. cxd5 {[%emt 0:00:11]} Qd7 {[%emt 0:00:27]} 25. Nd2 {[%emt 0:00:56]} R4e7 {[%emt 0:02:24]} 26. Bf2 {[%emt 0:00:47]} g5 {[%emt 0:03:12]} 27. g3 {[%emt 0:02:34]} gxf4 {[%emt 0:01:59]} 28. gxf4 {[%emt 0:00:10]} Rxe1+ {[%emt 0:02:24]} 29. Rxe1 {[%emt 0:00:14]} Rxe1+ {[%emt 0:00:04]} 30. Bxe1 {[%emt 0:00:06]} Bh6 {[%emt 0:00:06]} 31. Bg3 {[%emt 0:04:40]} Nh8 {[%emt 0:00:18]} 32. Nc4 {[%emt 0:03:36]} Ng6 {[%emt 0:00:31]} 33. Qe3 {[%emt 0:01:02]} Qf7 {[%emt 0:02:56]} 34. Qd4 {[%emt 0:03:59]} Bg7 {[%emt 0:02:14]} 35. Qd3 {[%emt 0:00:13]} Qf6 {[%emt 0:00:26]} 36. Kg2 {[%emt 0:00:48]} h5 {[%emt 0:00:53]} 37. Kf3 {[%emt 0:01:26]} Ne7 {[%emt 0:01:18]} 38. Bf2 {[%emt 0:00:49]} a6 {[%emt 0:02:03]} 39. Ne3 {[%emt 0:01:00]} Qd4 {[%emt 0:00:00]} 40. Qc4 {[%emt 0:05:24]} Bf6 {[%emt 0:30:22]} 41. Nxf5 {[%emt 0:34:22]} Qd1+ {[%emt 0:00:31]} 42. Kg2 {[%emt 0:00:07]} Qxd5+ {[%emt 0:00:00]} 43. Qxd5+ {[%emt 0:00:00]} Nxd5 {[%emt 0:00:00]} 44. Kf3 {[%emt 0:00:00]} Bd8 {[%emt 0:00:00]} 45. Nxd6 {[%emt 0:00:00]} Bc7 {[%emt 0:00:00]} 46. Bc5 {[%emt 0:00:00]} Bxd6 {[%emt 0:00:00]} 47. Bxd6 {[%emt 0:00:00]} Kf7 {[%emt 0:00:00]} 48. Be5 {[%emt 0:00:00]} Ke6 {[%emt 0:00:00]} 49. Ke4 {[%emt 0:00:00]} Ne7 {[%emt 0:00:00]} 50. f5+ {[%emt 0:00:00]} Nxf5 {[%emt 0:00:00]} 51. Kf4 {[%emt 0:00:00]} Ne7 {[%emt 0:02:14]} 52. Bd4 {[%emt 0:00:00]} Nc6 {[%emt 0:01:30]} 53. Bc3 {[%emt 0:00:00]} Kd5 {[%emt 0:01:28]} 54. h4 {[%emt 0:00:00]} Nd8 {[%emt 0:01:08]} 55. Kg5 {[%emt 0:00:00]} Ke4 {[%emt 0:00:18]} 56. Kxh5 {[%emt 0:00:00]} Kf5 {[%emt 0:00:02]} 57. Kh6 {[%emt 0:00:00]} Ne6 {[%emt 0:00:29]} 58. h5 {[%emt 0:00:00]} Nf4 {[%emt 0:01:24]} 59. Bd2 {[%emt 0:00:00]} Nxh5 {[%emt 0:00:28]} 60. Kxh5 {[%emt 0:00:00]} Ke4 {[%emt 0:00:04]} 61. Ba5 {[%emt 0:00:00]} Kd5 {[%emt 0:00:36]} 62. Kg5 {[%emt 0:00:00]} Ke5 {[%emt 0:00:47]} 63. b4 {[%emt 0:00:00]} Ke6 {[%emt 0:00:11]} 64. Kf4 {[%emt 0:00:00]} Kf6 {[%emt 0:00:05]} 65. Ke4 {[%emt 0:00:00]} Ke6 {[%emt 0:00:02]} 66. Kd4 {[%emt 0:00:00]} Kd6 {[%emt 0:00:03]} 67. Kc4 {[%emt 0:00:00]} Kc6 {[%emt 0:00:03]} 68. Kb3 {[%emt 0:00:00]} Kb5 {[%emt 0:00:35]} 69. Ka3 {[%emt 0:00:00]} Kc6 {[%emt 0:00:27]} 70. Ka4 {[%emt 0:00:00]} Kb7 {[%emt 0:00:03]} 71. Bd8 {[%emt 0:00:00]} Kc8 {[%emt 0:00:11]} 72. Bf6 {[%emt 0:00:00]} a5 {[%emt 0:00:12]} 73. Kxa5 {[%emt 0:00:00]} 1-0

[Event "Werder IM-Turnier 2018"]
[Site "Bremen"]
[Date "2018.06.23"]
[Round "8"]
[White "Kardoeus, David"]
[Black "Ahlander, Bjorn"]
[Result "0-1"]
[WhiteElo "2226"]
[BlackElo "2435"]
[Annotator "TA"]
[PlyCount "104"]
[EventDate "2018.06.23"]
[EventType "tourn"]
[EventCountry "GER"]
[SourceTitle "playchess.com"]
[Source "ChessBase"]
[SourceQuality "1"]

{[%evp 15,104,25,56,-24,-20,-24,-32,-29,0,-25,-17,-117,-117,-120,-118,-125,-110,-109,-116,-125,-98,-170,-146,-172,-155,-153,-165,-158,-127,-129,-118,-110,-87,-201,-202,-239,-226,-262,-193,-181,-193,-199,-193,-220,-205,-207,-212,-247,-208,-211,-196,-257,-255,-257,-253,-294,-267,-310,-300,-362,-373,-362,-339,-334,-271,-277,-270,-283,-275,-285,-280,-279,-276,-447,-447,-447,-447,-594,-594,-594,-594,-594,-594,-579,-550,-5498,-5206,-5156,-5147,-5027,-3625]} 1. e4 c5 2. Nf3 e6 3. d4 cxd4 4. Nxd4 Nc6 5. Nc3 Qc7 6. Be3 a6 7. Qf3 {B48: Sizilianisch (Paulsen-Variante)} Nf6 {[%cal Bg8f6,Bf6g4,Bg4f2][%mdl 32]} 8. O-O-O Be7 {LiveBook: 80 Partien} (8... Ne5 9. Qg3 b5 10. a3 Bb7 11. Bxb5 Rc8 12. Ba4 Nxe4 13. Nxe4 Bxe4 14. Bf4 Qc4 15. Bxe5 Qxa4 {1-0 (38) Vachier Lagrave,M (2789)-Anand,V (2776) Karlsruhe/Baden-Baden 2018}) 9. Qg3 $146 (9. Kb1 $14) ({Vorgänger:} 9. Be2 O-O 10. Qg3 d6 11. h4 Kh8 12. h5 h6 13. Kb1 Nxd4 14. Rxd4 b5 {½-½ (57) Cheparinov,I (2688)-Zeng,C (2536) China 2017}) 9... Qxg3 $11 10. hxg3 Ng4 11. Nxc6 bxc6 12. Bb6 Rb8 $1 {[%cal Rb8b6]} 13. Na4 {[#]} (13. Ba7 $11 {bleibt in der Remisbreite.} Rb7 14. Be2) 13... Rxb6 $1 $17 {[%mdl 512]} 14. Nxb6 Nxf2 15. Nxc8 Nxh1 16. Bxa6 Nxg3 17. e5 Ne4 18. Nb6 (18. c3 $17 {war nötig.}) 18... Bd8 19. Nc4 Bg5+ 20. Kb1 Ke7 {[#] Droht stark ...Sc5.} 21. Nb6 Rd8 22. c3 Nc5 23. Be2 f6 24. b4 (24. exf6+ $17 {ist eine bessere Verteidigung.} gxf6 25. a4) 24... Ne4 $19 25. Kc2 fxe5 26. Bd3 Nf6 27. Re1 Rb8 28. Nc4 Ra8 29. Rxe5 Rxa2+ 30. Nb2 Bf4 31. Re1 h6 32. Kb3 Ra8 33. c4 (33. Bg6 $142) 33... Rb8 34. Ra1 Be5 35. b5 Bd4 36. Ra6 e5 {[%cal Be6e5,Be5e4][%mdl 32]} 37. Na4 e4 38. Be2 cxb5 39. cxb5 Bf2 40. Nc3 d5 {[%cal Bd7d5,Bd5d4,Bd4d3,Bd3d2][%mdl 32]} 41. Rc6 d4 42. Rxf6 gxf6 {[%cal Bg7f6,Bf6f5][%mdl 32]} ({Nicht} 42... Kxf6 43. Nxe4+ Ke5 44. Nxf2 $11) 43. Nxe4 {[%mdl 4096] Endspiel KTL-KLS} Be3 44. Kc4 $2 (44. g4) 44... Rc8+ {Schwarz steht klar auf Gewinn.} 45. Kb4 Rc2 46. Bf3 d3 47. Kb3 f5 48. Nc3 {Droht Sd5+.} Bd4 49. Nd5+ Kd6 50. Nf4 Rc3+ 51. Kb4 d2 {( -> ...Txf3!)} 52. Bh5 Rc1 {Precision: Weiß = 38%, Schwarz = 84%.} 0-1

[Event "Werder IM-Turnier 2018"]
[Site "Bremen"]
[Date "2018.06.24"]
[Round "9"]
[White "Ahlander, Bjorn"]
[Black "Wachinger, Nikolas"]
[Result "1/2-1/2"]
[WhiteElo "2435"]
[BlackElo "2292"]
[Annotator "TA"]
[PlyCount "47"]
[EventDate "2018.06.23"]
[EventType "tourn"]
[EventCountry "GER"]
[SourceTitle "playchess.com"]
[Source "ChessBase"]
[SourceQuality "1"]

{[%evp 16,47,32,27,19,17,22,2,6,14,11,18,11,11,8,2,14,0,0,-8,6,-10,12,12,6,-4,11,-2,0,-7,6,3,7,6]} 1. d4 Nf6 2. Bg5 d5 3. Nc3 Nbd7 4. Qd3 c6 5. e4 dxe4 6. Nxe4 Nxe4 7. Qxe4 Qa5+ {D01: Veresov Opening} 8. Bd2 Qd5 9. Qe3 {LiveBook: 4 Games} Nf6 {White has an edge.} 10. Nf3 {The position is equal.} Bf5 11. Bd3 Bxd3 12. Qxd3 Qe4+ 13. Qxe4 Nxe4 14. Be3 e6 15. Ke2 $146 ({Predecessor:} 15. Ne5) 15... Be7 16. Kd3 Nd6 17. Ke2 Nf5 18. Bd2 (18. g4 {is more complex.} Nd6 19. c3 f6 20. Rag1 h5 21. g5) 18... Nh4 (18... h5 {feels hotter.} 19. h3 h4 20. Rhe1 g5 21. Kf1 Rg8) 19. Nxh4 Bxh4 20. Be3 Bf6 21. Rhd1 O-O-O 22. Rd3 e5 23. dxe5 Bxe5 24. c3 {Precision: White = 35%, Black = 45%.} 1/2-1/2